000 00449 a2200157 4500
001 75858
020 _a9788541818827
040 _cAnchieta - Colégio São Paulo
100 _aAbromovick, Márcia Cristina
240 1 0 _aAprender juntos Língua portuguesa, 2º ano : ensino fundamental
_lpor
245 1 0 _aAprender juntos Língua portuguesa, 2º ano : ensino fundamental
300 _a288
362 0 _a2017
650 4 _aPortuguês
942 _cBK
999 _c75858
_d75858